000 00954nam a22002297a 4500
003 BDDh-ASL
005 20231015031256.0
008 230125s1968 b ||||| |||| 00| 0 b d
040 _cBDDh-ASL
041 _abengali
082 _a954.92
_bSHP
100 1 _aশামসুদ্দীন, আবুল কালাম
_92135
245 1 _aপলাশী থেকে পাকিস্তান /
246 _aPolashi Theke Pakistan.
260 _aপাকিস্তান:
_bপাকিস্তান পাবলিকেশন্স,
_c১৯৬৮।
300 _a১৭৪, ছ পৃষ্ঠা:
_c২২ সে.মি.
504 _aনির্ঘণ্ট সংযুক্ত ।
650 0 _aHistory (ইতিহাস)
_94586
650 0 _aWar of Polashi (পলাশীর যুদ্ধ)
_96157
650 0 _a History of Pakistan (পাকিস্তানের ইতিহাস)
_96476
942 _2ddc
_cBK
999 _c31462
_d31462